The cell : (Record no. 33031)
[ view plain ]
| 000 -LEADER | |
|---|---|
| fixed length control field | 01467cam a22004334a 4500 |
| 001 - CONTROL NUMBER | |
| control field | 14343489 |
| 003 - CONTROL NUMBER IDENTIFIER | |
| control field | OSt |
| 005 - DATE AND TIME OF LATEST TRANSACTION | |
| control field | 20220106145218.0 |
| 008 - FIXED-LENGTH DATA ELEMENTS--GENERAL INFORMATION | |
| fixed length control field | 060417s2007 dcua b 001 0 eng |
| 010 ## - LIBRARY OF CONGRESS CONTROL NUMBER | |
| LC control number | 2006012935 |
| 016 7# - NATIONAL BIBLIOGRAPHIC AGENCY CONTROL NUMBER | |
| Record control number | 101274432 |
| Source | DNLM |
| 020 ## - INTERNATIONAL STANDARD BOOK NUMBER | |
| International Standard Book Number | 9780878932207 |
| 035 ## - SYSTEM CONTROL NUMBER | |
| System control number | (OCoLC)ocm67282680 |
| 038 ## - RECORD CONTENT LICENSOR | |
| Staff Name | Khadija |
| 040 ## - CATALOGING SOURCE | |
| Original cataloging agency | DNLM/DLC |
| Transcribing agency | DLC |
| Modifying agency | NLM |
| -- | BAKER |
| -- | C#P |
| -- | COO |
| -- | MUQ |
| -- | AGL |
| -- | DLC |
| 042 ## - AUTHENTICATION CODE | |
| Authentication code | pcc |
| 050 00 - LIBRARY OF CONGRESS CALL NUMBER | |
| Classification number | QH581.2 |
| Item number | .C66 2007 |
| 060 00 - NATIONAL LIBRARY OF MEDICINE CALL NUMBER | |
| Classification number | 2006 J-514 |
| 060 10 - NATIONAL LIBRARY OF MEDICINE CALL NUMBER | |
| Classification number | QU 300 |
| Item number | C776c 2007 |
| 070 0# - NATIONAL AGRICULTURAL LIBRARY CALL NUMBER | |
| Classification number | QH581.2 |
| Item number | .C66 2007 |
| 082 00 - DEWEY DECIMAL CLASSIFICATION NUMBER | |
| Classification number | 571.6 |
| Edition number | 22 |
| Author Mark | COO |
| 100 1# - MAIN ENTRY--PERSONAL NAME | |
| Personal name | Cooper, Geoffrey M. |
| 9 (RLIN) | 87416 |
| 245 14 - TITLE STATEMENT | |
| Title | The cell : |
| Remainder of title | a molecular approach / |
| Statement of responsibility, etc. | Geoffrey M. Cooper, Robert E. Hausman. |
| 250 ## - EDITION STATEMENT | |
| Edition statement | 4th ed. |
| 260 ## - PUBLICATION, DISTRIBUTION, ETC. | |
| Place of publication, distribution, etc. | Washington, D.C. : |
| Name of publisher, distributor, etc. | ASM Press ; |
| Place of publication, distribution, etc. | Sunderland, Mass. : |
| Name of publisher, distributor, etc. | Sinauer Associates, |
| Date of publication, distribution, etc. | c2007. |
| 300 ## - PHYSICAL DESCRIPTION | |
| Extent | xix, 820 p. : |
| Other physical details | ill. (chiefly col.) ; |
| Dimensions | 29 cm. |
| 504 ## - BIBLIOGRAPHY, ETC. NOTE | |
| Bibliography, etc. note | Includes bibliographical references and index. |
| 563 ## - BINDING INFORMATION | |
| Binding note | HB |
| 650 #0 - SUBJECT ADDED ENTRY--TOPICAL TERM | |
| Topical term or geographic name entry element | Cytology. |
| 9 (RLIN) | 87417 |
| 650 #0 - SUBJECT ADDED ENTRY--TOPICAL TERM | |
| Topical term or geographic name entry element | Molecular biology. |
| 9 (RLIN) | 87418 |
| 650 12 - SUBJECT ADDED ENTRY--TOPICAL TERM | |
| Topical term or geographic name entry element | Cells. |
| 9 (RLIN) | 87419 |
| 650 22 - SUBJECT ADDED ENTRY--TOPICAL TERM | |
| Topical term or geographic name entry element | Cytology. |
| 9 (RLIN) | 87417 |
| 650 22 - SUBJECT ADDED ENTRY--TOPICAL TERM | |
| Topical term or geographic name entry element | Molecular Biology. |
| 9 (RLIN) | 87420 |
| 700 1# - ADDED ENTRY--PERSONAL NAME | |
| Personal name | Hausman, Robert E., |
| Dates associated with a name | 1947- |
| 9 (RLIN) | 87421 |
| 856 41 - ELECTRONIC LOCATION AND ACCESS | |
| Materials specified | Table of contents |
| Uniform Resource Identifier | <a href="http://www.loc.gov/catdir/toc/ecip0612/2006012935.html">http://www.loc.gov/catdir/toc/ecip0612/2006012935.html</a> |
| 906 ## - LOCAL DATA ELEMENT F, LDF (RLIN) | |
| a | 7 |
| b | cbc |
| c | orignew |
| d | 1 |
| e | ecip |
| f | 20 |
| g | y-gencatlg |
| 942 ## - ADDED ENTRY ELEMENTS (KOHA) | |
| Source of classification or shelving scheme | |
| Koha item type | Book |
| Withdrawn status | Lost status | Source of classification or shelving scheme | Damaged status | Not for loan | Permanent Location | Current Location | Shelving location | Date acquired | Total Checkouts | Full call number | Barcode | Date last seen | Date last checked out | Price effective from | Koha item type |
|---|---|---|---|---|---|---|---|---|---|---|---|---|---|---|---|
| School of Mechanical & Manufacturing Engineering (SMME) | School of Mechanical & Manufacturing Engineering (SMME) | Text Books | 12/18/2015 | 1 | 571.6 COO | SMME-2104 | 12/28/2023 | 09/13/2022 | 12/18/2015 | Book | |||||
| School of Mechanical & Manufacturing Engineering (SMME) | School of Mechanical & Manufacturing Engineering (SMME) | Text Books | 12/18/2015 | 571.6 COO | SMME-2105 | 04/03/2018 | 12/18/2015 | Book | |||||||
| School of Mechanical & Manufacturing Engineering (SMME) | School of Mechanical & Manufacturing Engineering (SMME) | Text Books | 12/18/2015 | 571.6 COO | SMME-2106 | 04/03/2018 | 12/18/2015 | Book | |||||||
| School of Mechanical & Manufacturing Engineering (SMME) | School of Mechanical & Manufacturing Engineering (SMME) | Text Books | 12/18/2015 | 1 | 571.6 COO | SMME-2107 | 11/21/2022 | 09/13/2022 | 12/18/2015 | Book |
